Statistics for BoyWithUke Charting Songs (Billboard Hot Rock)

Click here to take the quiz!

General Stats

  • This quiz has been taken 128 times
    (63 since last reset)
  • The average score is 4 of 6

Answer Stats

AlbumWeeks OnPeakArtist(s)Song% Correct
Serotonin Dreams20 Weeks#11BoyWithUke & blackbearIDGAF
96%
Non-Album Single6 Weeks#30BoyWithUke ft. Oliver TreeSick of U
92%
Faded EP36 Weeks#12BoyWithUkeToxic
79%
Serotonin Dreams4 Weeks#21BoyWithUkeUnderstand
71%
Fever Dreams11 Weeks#26BoyWithUkeTwo Moons
60%
Serotonin Dreams3 Weeks#34BoyWithUkeLong Drives
42%

Score Distribution

Percentile by Number Answered

Percent of People with Each Score

Your Score History

You have not taken this quiz since the last reset